000 00739nam a2200205 4500
001 112197
003 ES-MaACL
005 20250829120100.0
007 t|
008 061121s1931 sp r ||||1| spa d
100 1 _aOrtega, Teófilo.
_987432
245 1 4 _aUna mujer capaz :
_bTeresa de Jesús : vuelo y surco de Teresa Sánchez /
_cTeófilo Ortega.
260 _aValencia :
_b[Cuadernos de Cultura],
_c1931 (
_fTip. P. Quiles)
300 _a45 p. ;
_c17 cm.
490 1 _aCuadernos de cultura ;
_v38. Figuras españolas ;
_v5
600 0 0 _aTeresa de Jesús,
_cSanta,
_d1515-1582
_9226510
830 1 _aCuadernos de cultura
_v38. Figuras españolas ;
_v5
_9181245
852 _aES-MaACL
_j1923-F-15
999 _c112197
_d112197